书目信息 |
| 题名: |
电子测量技术
|
|
| 作者: | 朱英华 , 李崇维 编 | |
| 分册: | ||
| 出版信息: | 成都 西南交通大学出版社 2008.09 |
|
| 页数: | 266页 | |
| 开本: | 23cm | |
| 丛书名: | 21世纪教改系列教材 | |
| 单 册: | ||
| 中图分类: | TM93 | |
| 科图分类: | ||
| 主题词: | 电子测量--dian zi ce liang--高等学校--教材 | |
| 电子资源: | ||
| ISBN: | 978-7-5643-0065-4 | |
| 000 | 00997nam 2200289 450 | |
| 001 | 012009088873 | |
| 005 | 20090918182209.89 | |
| 010 | @a978-7-5643-0065-4@dCNY26.00 | |
| 100 | @a20090918d2008 em y0chiy0120 ea | |
| 101 | 0 | @achi |
| 102 | @aCN@b510000 | |
| 105 | @aa a 000yy | |
| 106 | @ar | |
| 200 | 1 | @a电子测量技术@Adian zi ce liang ji shu@f朱英华, 李崇维编@Fzhu ying hua,li chong wei bian |
| 205 | @a第2版 | |
| 210 | @a成都@c西南交通大学出版社@d2008.09 | |
| 215 | @a266页@c图@d23cm | |
| 225 | 2 | @a21世纪教改系列教材@A21 shi ji jiao gai xi lie jiao cai |
| 320 | @a有书目 (第265-266页) | |
| 330 | @a本书主要内容包括:测量误差与测量不确定度,示波测量技术,电压测量技术,集中参数阻抗的测量,时间和频率测量等。 | |
| 410 | 0 | @12001 @a21世纪教改系列教材 |
| 606 | 0 | @a电子测量@Adian zi ce liang@x高等学校@j教材 |
| 690 | @aTM93@v4 | |
| 701 | 0 | @a朱英华@Azhu ying hua@4编 |
| 701 | 0 | @a李崇维@Ali chong wei@4编 |
| 801 | 0 | @aCN@bQSSK@c20090918 |
| 905 | @b756366-68@dTM93@eZ892@f3 | |
| 电子测量技术/朱英华, 李崇维编.-第2版.-成都:西南交通大学出版社,2008.09 |
| 266页:图;23cm.-(21世纪教改系列教材) |
| ISBN 978-7-5643-0065-4:CNY26.00 |
| 本书主要内容包括:测量误差与测量不确定度,示波测量技术,电压测量技术,集中参数阻抗的测量,时间和频率测量等。 |
| ● |
| 相关链接 |
|
|
|
正题名:电子测量技术
索取号:TM93/Z892
 
预约/预借
| 序号 | 登录号 | 条形码 | 馆藏地/架位号 | 状态 | 备注 |
| 1 | 756366 | 207563661 | 自科库301/301自科库 22排2列4层/ [索取号:TM93/Z892] | 在馆 | |
| 2 | 756367 | 207563670 | 自科库301/301自科库 22排2列4层/ [索取号:TM93/Z892] | 在馆 | |
| 3 | 756368 | 207563689 | 自科二线404/404自科库 11排3列1层/ [索取号:TM93/Z892] | 在馆 |